000 00663cam a22002293a 4500
001 28611
003 PGUSA
005 20140828083622.0
008 090426s2009||||xxu|||||s|||||000 | eng d
040 _aPGUSA
_beng
042 _adc
050 4 _aG
100 1 _aNathorst, A. G.
_q(Alfred Gabriel),
_d1850-1921
245 1 0 _aPolarforskningen
_h[electronic resource] /
_cA. G. Nathorst
260 _bProject Gutenberg,
_c2009
506 _aPublic domain in the USA.
516 _aElectronic text
653 _aPolar regions -- Discovery and exploration
830 0 _aProject Gutenberg
_v28611
856 4 0 _uhttp://www.gutenberg.org/ebooks/28611
942 _cEB
999 _c257866
_d257866